Orientierung auf reisen; (Record no. 20425)

MARC details
000 -CABECERA
campo de control de longitud fija 00595nam a2200205 4500
003 - IDENTIFICADOR DEL NÚMERO DE CONTROL
campo de control OSt
005 - FECHA Y HORA DE LA ÚLTIMA TRANSACCIÓN
campo de control 20260601171009.0
008 - DATOS DE LONGITUD FIJA--INFORMACIÓN GENERAL
campo de control de longitud fija 260506b\\\\\\\\||||||||\||||\00|\0\ger\d
020 ## - NÚMERO INTERNACIONAL ESTÁNDAR DEL LIBRO
Número Internacional Estándar del Libro 9783938666203
040 ## - FUENTE DE LA CATALOGACIÓN
Centro catalogador/agencia de origen ICI
Lengua de catalogación spa
Centro/agencia transcriptor ICI
050 ## - SIGNATURA TOPOGRÁFICA DE LA BIBLIOTECA DEL CONGRESO
Número de clasificación NA2542.36
Número de documento/Ítem O75
100 #1 - ENTRADA PRINCIPAL--NOMBRE DE PERSONA
Nombre de persona Lunger, Christian
9 (RLIN) 32818
245 #1 - MENCIÓN DE TÍTULO
Título Orientierung auf reisen;
Resto del título Touristische Leitsysteme
Mención de responsabilidad, etc. Christian Lunger; Markus Sheiber
264 ## - PRODUCCIÓN, PUBLICACIÓN, DISTRIBUCIÓN, FABRICACIÓN Y COPYRIGHT
Nombre del de productor, editor, distribuidor, fabricante Dom Publishers
Fecha de producción, publicación, distribución, fabricación o copyright 2009
Producción, publicación, distribución, fabricación y copyright Alemania
300 ## - DESCRIPCIÓN FÍSICA
Extensión 418 páginas
336 ## - TIPO DE CONTENIDO
Término de tipo de contenido texto
Fuente rdacontent
337 ## - TIPO DE MEDIO
Nombre/término del tipo de medio sin medio
Fuente rdamedia
338 ## - TIPO DE SOPORTE
Nombre/término del tipo de soporte volumen
Fuente rdacarrier
942 ## - ELEMENTOS DE PUNTO DE ACCESO ADICIONAL (KOHA)
Fuente del sistema de clasificación o colocación Library of Congress Classification
Tipo de ítem Koha Libros
Suprimir en OPAC 1

No items available.